[Event "DVM U12 2015"]
[Site "Magdeburg GER"]
[Date "2015.12.30"]
[Round "7"]
[White "Hüls, Maximilian"]
[Black "Bartels, Simon"]
[Result "1-0"]
[Termination "normal"]
[Board "4.1"]
[WhiteElo "1671"]
[BlackElo "1512"]
[WhiteTeam "SV Mattnetz Berlin"]
[BlackTeam "Rheydter SV 1920"]
[PlyCount "57"]
[WhiteFideId "12949698"]
[BlackFideId "12990140"]
[EventCountry "GER"]
[EventRounds "7"]
[EventType "team-swiss"]
[EventDate "2015.12.26"]

1. e4 e5 2. Nf3 Nc6 3. d4 exd4 4. Nxd4 Bc5 5. Be3 Qf6 6. Nb5 Bxe3 7. fxe3 Qh4+
8. g3 Qxe4 9. Nxc7+ Kd8 10. Nxa8 Qxh1 11. Qd6 Nge7 12. Nd2 Qd5 13. Qc7+ Ke8 14.
Qxc8+ Nxc8 15. Nc7+ Kd8 16. Nxd5 Re8 17. O-O-O Nd6 18. Nc4 Ne4 19. Bg2 Ng5 20.
h4 Ne6 21. Nd6 Rf8 22. Nxb7+ Kc8 23. Nd6+ Kb8 24. Rd3 Nc5 25. Rc3 Ne6 26. Rb3+
Ka8 27. Nb4 Ned8 28. Na6 Ne6 29. Bd5 1-0

[Event "DVM U12 2015"]
[Site "Magdeburg GER"]
[Date "2015.12.30"]
[Round "7"]
[White "Müdder, Melanie"]
[Black "Bui, Bao Anh Le"]
[Result "1-0"]
[Termination "normal"]
[Board "4.2"]
[WhiteElo "1544"]
[BlackElo "1675"]
[WhiteTeam "Rheydter SV 1920"]
[BlackTeam "SV Mattnetz Berlin"]
[PlyCount "175"]
[WhiteFideId "12994103"]
[BlackFideId "12970719"]
[EventCountry "GER"]
[EventRounds "7"]
[EventType "team-swiss"]
[EventDate "2015.12.26"]

1. e4 c5 2. Nc3 Nc6 3. f4 g6 4. Nf3 Bg7 5. Bc4 e6 6. O-O Nge7 7. Qe1 a6 8. a4
Nb4 9. Bb3 c4 10. Na2 cxb3 11. Nxb4 Qb6+ 12. d4 Bxd4+ 13. Nxd4 Qxd4+ 14. Kh1 a5
15. c3 Qc4 16. Be3 axb4 17. Bd4 Rg8 18. f5 b6 19. fxe6 dxe6 20. Qh4 bxc3 21.
Qxh7 Rf8 22. Bg7 Rg8 23. Bxc3 Rf8 24. Bg7 Rg8 25. Rac1 Qxe4 26. Bh6 f5 27. Bg5
Qb7 28. Bxe7 Qxe7 29. Qxg8+ Qf8 30. Qxg6+ Qf7 31. Qxf7+ Kxf7 32. Rc7+ Kg6 33.
Rfc1 Ba6 34. R7c6 Kf6 35. Rxb6 Be2 36. Rxb3 Rxa4 37. Ra3 Rb4 38. Rc2 Bb5 39.
Rf2 Bc6 40. Rc3 Bd5 41. Kg1 Ke5 42. Re2+ Kf4 43. Rf2+ Ke5 44. Rcc2 Be4 45. Rce2
Kd5 46. Rf4 Ke5 47. Rh4 Kf6 48. Rh6+ Kf7 49. Kf2 Bd5 50. Rc2 Kg7 51. Rh3 Kf6
52. Rd2 Rf4+ 53. Kg1 Rg4 54. Rg3 Rf4 55. Rf2 Rd4 56. Kf1 Re4 57. b3 Bc6 58. h3
Bb5+ 59. Kg1 Bc6 60. Rc3 Bd5 61. g4 Rb4 62. gxf5 exf5 63. Rd2 Rxb3 64. Rxb3
Bxb3 65. Rd3 Bf7 66. Kf2 Kg5 67. Rg3+ Kf6 68. h4 Bh5 69. Rg5 Bg4 70. Kg3 Bd1
71. Kf4 Bb3 72. h5 Bf7 73. Rxf5+ Kg7 74. Kg5 Bg8 75. h6+ Kh8 76. Rb5 Kh7 77.
Rb7+ Kh8 78. Kg6 Bd5 79. Re7 Bc6 80. Kg5 Bd5 81. Rd7 Be6 82. Rg7 Bd5 83. Kf6
Bg8 84. Re7 Bh7 85. Rg7 Bg8 86. Kg6 Bd5 87. h7 Be4+ 88. Kh6 1-0

[Event "DVM U12 2015"]
[Site "Magdeburg GER"]
[Date "2015.12.30"]
[Round "7"]
[White "Stockter, Jasper Enno"]
[Black "Leßmann, Sönke"]
[Result "1/2-1/2"]
[Termination "normal"]
[Board "4.3"]
[WhiteElo "1479"]
[BlackElo "1348"]
[WhiteTeam "SV Mattnetz Berlin"]
[BlackTeam "Rheydter SV 1920"]
[PlyCount "81"]
[WhiteFideId "12957291"]
[BlackFideId "16222520"]
[EventCountry "GER"]
[EventRounds "7"]
[EventType "team-swiss"]
[EventDate "2015.12.26"]

1. e4 e5 2. Nf3 Nc6 3. d4 exd4 4. Nxd4 Bc5 5. Be3 Qf6 6. c3 Nge7 7. Bc4 Qg6 8.
O-O O-O 9. Nd2 Ne5 10. Be2 b6 11. f4 Qh6 12. Qe1 N5c6 13. Qg3 Qg6 14. Qxg6 Nxg6
15. N2b3 Bxd4 16. Nxd4 Bb7 17. Bd3 Rfe8 18. e5 f6 19. Nxc6 Bxc6 20. Bxg6 hxg6
21. Bd4 fxe5 22. Bxe5 d6 23. Bd4 Re2 24. Rf2 Rae8 25. Raf1 Bb5 26. g3 c5 27. c4
Bxc4 28. Bc3 Bxa2 29. Rxe2 Rxe2 30. Ra1 Bf7 31. Rxa7 b5 32. Ra8+ Kh7 33. Ra7
Kg8 34. Ra8+ Re8 35. Rxe8+ Bxe8 36. Ba5 c4 37. Kf2 Kf7 38. Ke3 Bd7 39. Bb4 Ke7
40. Bc3 Kf7 41. Bb4 1/2-1/2

[Event "DVM U12 2015"]
[Site "Magdeburg GER"]
[Date "2015.12.30"]
[Round "7"]
[White "Hansen, Jonah"]
[Black "Karge, Ole Jannes"]
[Result "1-0"]
[Termination "normal"]
[Board "4.4"]
[WhiteElo "1073"]
[BlackElo "1495"]
[WhiteTeam "Rheydter SV 1920"]
[BlackTeam "SV Mattnetz Berlin"]
[PlyCount "149"]
[WhiteFideId "16276841"]
[BlackFideId "12957267"]
[EventCountry "GER"]
[EventRounds "7"]
[EventType "team-swiss"]
[EventDate "2015.12.26"]

1. e4 c5 2. d3 Nc6 3. Nd2 d6 4. g3 g6 5. Bg2 Bg7 6. Ngf3 e5 7. O-O Nge7 8. Kh1
O-O 9. Ng1 Nd4 10. c3 Ne6 11. Qb3 b6 12. Ndf3 Nc6 13. Bd2 Ba6 14. Ne1 Kh8 15.
f4 c4 16. Qa4 Qc8 17. Qc2 cxd3 18. Nxd3 Ncd4 19. Qb1 Bxd3 20. Qxd3 Nc5 21. Qc4
b5 22. Qd5 Qc6 23. cxd4 Qxd5 24. exd5 exd4 25. Bb4 Rac8 26. Rac1 Nb7 27. Rfe1
a5 28. Bd2 Nc5 29. Bf1 d3 30. b3 b4 31. Nf3 Bb2 32. Rc4 f5 33. Be3 Ne4 34. Bxd3
Bc3 35. Rc1 Nf6 36. Rxc8 Rxc8 37. Bd4 Kg7 38. Bxf6+ Kxf6 39. Ng1 Ra8 40. Ne2
Rc8 41. Nxc3 bxc3 42. Kg2 Rc5 43. Bc4 Ke7 44. Rxc3 Kd8 45. Re3 Rc7 46. Rc3 Re7
47. Kf2 Re4 48. Re3 Rd4 49. Ke2 Kd7 50. Bb5+ Kc7 51. Rc3+ Kd8 52. Rc4 Rxd5 53.
Bc6 Rc5 54. Rxc5 dxc5 55. Bd5 Ke7 56. Bg8 h6 57. Kd3 g5 58. fxg5 hxg5 59. Kc4
Kd6 60. Kb5 Ke5 61. Kxa5 f4 62. gxf4+ gxf4 63. a4 f3 64. Kb5 f2 65. Bc4 Ke4 66.
a5 Ke3 67. a6 Kd2 68. a7 Ke1 69. a8=Q f1=Q 70. Bxf1 Kxf1 71. Qa2 Ke1 72. Kc4
Kf1 73. Kd3 Kg1 74. Ke3 Kh1 75. Kf3 1-0

[Event "DVM U12 2015"]
[Site "Magdeburg GER"]
[Date "2015.12.30"]
[Round "7"]
[White "Liebold, Aaron"]
[Black "Huber, Benedikt"]
[Result "0-1"]
[Termination "normal"]
[Board "5.1"]
[WhiteElo "1666"]
[BlackElo "1960"]
[WhiteTeam "ESV Gera"]
[BlackTeam "SK München Südost"]
[PlyCount "40"]
[WhiteFideId "12997846"]
[BlackFideId "12923583"]
[EventCountry "GER"]
[EventRounds "7"]
[EventType "team-swiss"]
[EventDate "2015.12.26"]

1. e4 d6 2. d4 g6 3. Nf3 Bg7 4. Bd3 a6 5. Bf4 e6 6. Nbd2 Ne7 7. O-O b6 8. c3
Bb7 9. Rc1 h6 10. Re1 Nd7 11. Qe2 g5 12. Bg3 Ng6 13. Nf1 g4 14. N3d2 h5 15. f3
h4 16. fxg4 hxg3 17. Nxg3 Qg5 18. h3 Nf4 19. Qe3 Bh6 20. Ndf1 Qh4 0-1

[Event "DVM U12 2015"]
[Site "Magdeburg GER"]
[Date "2015.12.30"]
[Round "7"]
[White "Lohvinov, Petro"]
[Black "Schubert, Nikita"]
[Result "1/2-1/2"]
[Termination "normal"]
[Board "5.2"]
[WhiteElo "1693"]
[BlackElo "1652"]
[WhiteTeam "SK München Südost"]
[BlackTeam "ESV Gera"]
[PlyCount "78"]
[WhiteFideId "14176661"]
[BlackFideId "16212339"]
[EventCountry "GER"]
[EventRounds "7"]
[EventType "team-swiss"]
[EventDate "2015.12.26"]

1. e4 e5 2. Nf3 Nc6 3. d4 d6 4. dxe5 dxe5 5. Qxd8+ Kxd8 6. Be3 Nf6 7. Nc3 Bb4
8. O-O-O+ Bd7 9. Bg5 Bxc3 10. bxc3 Ke7 11. Bc4 Rad8 12. Rhe1 h6 13. Bxf6+ Kxf6
14. Rd2 Be6 15. Rxd8 Rxd8 16. Bxe6 Kxe6 17. Rd1 Rxd1+ 18. Kxd1 Na5 19. Ke2 Nc4
20. Nd2 Nxd2 21. Kxd2 Kd6 22. c4 Kc5 23. Kc3 c6 24. a3 a5 25. Kd3 b5 26. cxb5
cxb5 27. c3 h5 28. g3 g5 29. h3 g4 30. h4 f6 31. f3 f5 32. exf5 gxf3 33. Ke3 e4
34. g4 Kd6 35. g5 a4 36. Kf2 Ke7 37. f6+ Kf7 38. Ke3 Kg6 39. Kf2 Kf7 1/2-1/2

[Event "DVM U12 2015"]
[Site "Magdeburg GER"]
[Date "2015.12.30"]
[Round "7"]
[White "Schulter, Moritz"]
[Black "Grunert, Friedrich"]
[Result "1/2-1/2"]
[Termination "normal"]
[Board "5.3"]
[WhiteElo "1220"]
[BlackElo "1694"]
[WhiteTeam "ESV Gera"]
[BlackTeam "SK München Südost"]
[PlyCount "88"]
[WhiteFideId "16245067"]
[BlackFideId "12995592"]
[EventCountry "GER"]
[EventRounds "7"]
[EventType "team-swiss"]
[EventDate "2015.12.26"]

1. e4 e6 2. d4 d5 3. exd5 exd5 4. Nc3 c6 5. Nf3 Bd6 6. Bd3 Ne7 7. O-O O-O 8.
Bg5 f6 9. Be3 Bf5 10. Bc1 Bxd3 11. Qxd3 Ng6 12. g3 Qd7 13. Kg2 Re8 14. Bd2 Na6
15. a3 Nc7 16. Rae1 Ne6 17. Kg1 Bf4 18. Rxe6 Qxe6 19. gxf4 Qg4+ 20. Kh1 Nxf4
21. Bxf4 Qxf4 22. Ne2 Qh6 23. Kg2 Re4 24. Ng3 Re6 25. Qf5 Rae8 26. c3 g6 27.
Qd3 f5 28. Ne5 f4 29. Qf3 fxg3 30. Qf7+ Kh8 31. Qxe8+ Rxe8 32. Nf7+ Kg7 33.
Nxh6 Kxh6 34. hxg3 Re2 35. Rb1 Kg5 36. Kf3 Re4 37. Rh1 h5 38. Rd1 Kf5 39. Rd3
g5 40. b4 g4+ 41. Kg2 Re2 42. a4 Ke4 43. Rd1 Kf5 44. Rd3 Ke4 1/2-1/2

[Event "DVM U12 2015"]
[Site "Magdeburg GER"]
[Date "2015.12.30"]
[Round "7"]
[White "Grunert, Wilhelm"]
[Black "Helmsdorf, Marius"]
[Result "1-0"]
[Termination "normal"]
[Board "5.4"]
[WhiteElo "1374"]
[BlackElo "1220"]
[WhiteTeam "SK München Südost"]
[BlackTeam "ESV Gera"]
[PlyCount "125"]
[WhiteFideId "12995673"]
[BlackFideId "16274873"]
[EventCountry "GER"]
[EventRounds "7"]
[EventType "team-swiss"]
[EventDate "2015.12.26"]

1. e4 c6 2. d4 d5 3. exd5 cxd5 4. c4 e6 5. c5 b6 6. Bb5+ Bd7 7. Bxd7+ Qxd7 8.
Be3 bxc5 9. dxc5 Na6 10. Nc3 Bxc5 11. Bxc5 Nxc5 12. Qd4 Nd3+ 13. Qxd3 Rb8 14.
b3 Nf6 15. Qg3 O-O 16. Nge2 Rbc8 17. O-O Rc7 18. Rac1 Rfc8 19. Rfd1 Qe7 20. Rd4
Qa3 21. Rcd1 Qb2 22. Rb4 h6 23. Qd3 Rxc3 24. Nxc3 Qxc3 25. Qxc3 Rxc3 26. Rb8+
Kh7 27. Rb7 a5 28. Rxf7 Rc2 29. Ra1 Ne4 30. f3 Nc3 31. h3 Nxa2 32. Ra7 Nc1 33.
Rb1 Rc3 34. Rxa5 Nxb3 35. Ra3 Nd2 36. Rxc3 Nxb1 37. Rd3 Kg6 38. Kf2 Kf5 39. g3
e5 40. Ke2 g5 41. Rb3 Nc3+ 42. Rxc3 d4 43. Rc6 h5 44. g4+ hxg4 45. hxg4+ Kf4
46. Rf6+ Kg3 47. Kd3 Kf2 48. Rf5 Kg3 49. Rxg5 Kxf3 50. Rxe5 Kf4 51. Kxd4 Kxg4
52. Ke4 Kg3 53. Rf5 Kg4 54. Rf8 Kg5 55. Rf1 Kg6 56. Ke5 Kg7 57. Rf6 Kg8 58. Kf5
Kg7 59. Kg5 Kh7 60. Rg6 Kh8 61. Kf6 Kh7 62. Kf7 Kh8 63. Rh6# 1-0

[Event "DVM U12 2015"]
[Site "Magdeburg GER"]
[Date "2015.12.30"]
[Round "7"]
[White "Burghoff, Elias"]
[Black "Astner, Sebastian"]
[Result "0-1"]
[Termination "normal"]
[Board "6.1"]
[WhiteElo "1323"]
[BlackElo "1678"]
[WhiteTeam "TSG Apolda"]
[BlackTeam "FC Ergolding 1932"]
[PlyCount "108"]
[BlackFideId "12979422"]
[EventCountry "GER"]
[EventRounds "7"]
[EventType "team-swiss"]
[EventDate "2015.12.26"]

1. e4 c6 2. Nf3 d5 3. exd5 cxd5 4. d4 Nc6 5. Bb5 Bg4 6. h3 Bd7 7. Bf4 Nf6 8.
Nbd2 Ne4 9. O-O Nxd2 10. Qxd2 e6 11. Ne5 Nxe5 12. Bxd7+ Nxd7 13. Qd3 Qf6 14.
Bg3 Qd8 15. Qb5 Qb6 16. Qxb6 Nxb6 17. Be5 Kd7 18. b3 f6 19. Bf4 Bd6 20. Be3
Rac8 21. Rac1 g5 22. g3 Ba3 23. Rcd1 Rxc2 24. Rd2 Rxd2 25. Bxd2 Rc8 26. Ra1 Rc2
27. Be3 Nc8 28. Kg2 Nd6 29. Kf3 Nf5 30. Kg4 Nxe3+ 31. fxe3 Rc1 32. Rxc1 Bxc1
33. Kf3 h5 34. g4 hxg4+ 35. hxg4 Kd6 36. e4 dxe4+ 37. Kxe4 Bb2 38. a4 a5 39.
Kd3 Kd5 40. Ke3 Bxd4+ 41. Kd3 e5 42. Ke2 Ke4 43. Kd2 Kf3 44. Kd3 e4+ 45. Kxd4
e3 46. Kc5 e2 47. Kb6 e1=Q 48. Kxb7 Qb4+ 49. Kc6 Ke4 50. Kd7 Kd5 51. Kc7 Qc5+
52. Kd7 Qa7+ 53. Ke8 Ke6 54. b4 Qe7# 0-1

[Event "DVM U12 2015"]
[Site "Magdeburg GER"]
[Date "2015.12.30"]
[Round "7"]
[White "Kühne, Maria"]
[Black "Henzgen, Nick"]
[Result "0-1"]
[Termination "normal"]
[Board "6.2"]
[WhiteElo "1603"]
[BlackElo "1523"]
[WhiteTeam "FC Ergolding 1932"]
[BlackTeam "TSG Apolda"]
[PlyCount "82"]
[WhiteFideId "12997412"]
[BlackFideId "16212347"]
[EventCountry "GER"]
[EventRounds "7"]
[EventType "team-swiss"]
[EventDate "2015.12.26"]

1. e4 e5 2. Bc4 Nf6 3. d3 Nc6 4. Nc3 Na5 5. Bb3 Be7 6. Be3 d6 7. Nge2 Nxb3 8.
axb3 a6 9. h3 O-O 10. O-O d5 11. exd5 Nxd5 12. Nxd5 Qxd5 13. Nc3 Qc6 14. Re1
Qg6 15. Qf3 Bd6 16. Ne4 f5 17. Nxd6 cxd6 18. Qg3 Qe6 19. f4 Rf6 20. fxe5 dxe5
21. Bd2 f4 22. Qg4 Qb6+ 23. Be3 fxe3 24. Qe4 e2+ 25. Kh2 Qd6 26. Rxe2 Bf5 27.
Qxe5 Qxe5+ 28. Rxe5 Rc8 29. g4 Rxc2+ 30. Kg3 Bxd3 31. Re3 Bb5 32. g5 Rff2 33.
Rd1 Rfd2 34. Rde1 Re2 35. R1xe2 Rxe2 36. Rxe2 Bxe2 37. b4 Kf7 38. Kf4 Kg6 39.
h4 Kh5 40. Kg3 Bg4 41. Kf4 Kxh4 0-1

[Event "DVM U12 2015"]
[Site "Magdeburg GER"]
[Date "2015.12.30"]
[Round "7"]
[White "Liebeskind, Pascal"]
[Black "Sowka, Patrick"]
[Result "0-1"]
[Termination "normal"]
[Board "6.3"]
[WhiteElo "1654"]
[BlackElo "1418"]
[WhiteTeam "TSG Apolda"]
[BlackTeam "FC Ergolding 1932"]
[PlyCount "108"]
[WhiteFideId "16212380"]
[BlackFideId "16234944"]
[EventCountry "GER"]
[EventRounds "7"]
[EventType "team-swiss"]
[EventDate "2015.12.26"]

1. d4 f5 2. Nf3 Nf6 3. Bf4 e6 4. e3 b6 5. Be2 Bb7 6. Nbd2 Be7 7. c4 h6 8. h4 d6
9. h5 Nbd7 10. Qb3 c5 11. Nh4 Rg8 12. Ndf3 Nf8 13. Qb5+ Qd7 14. Qxd7+ Kxd7 15.
Ng1 g5 16. hxg6 Nxg6 17. Nxg6 Rxg6 18. Bf3 Bxf3 19. gxf3 cxd4 20. exd4 Rag8 21.
Ke2 Rc8 22. b3 Rcg8 23. Ke3 d5 24. Ne2 dxc4 25. bxc4 Rc8 26. Kd3 Bf8 27. Nc3
Ng8 28. Nb5 a6 29. Nc3 Bb4 30. Na4 Rc6 31. Rab1 Ba5 32. Rb3 Rg2 33. Rh2 Rxh2
34. Bxh2 Ne7 35. Nb2 Ng6 36. Ke3 Ke7 37. f4 Kf6 38. Kf3 Bd2 39. Rd3 Bc1 40. Na4
Rxc4 41. Nxb6 Rb4 42. Nd7+ Ke7 43. Nc5 Bb2 44. Nxa6 Rxd4 45. Rxd4 Bxd4 46. Nb4
Bc5 47. Nd3 Ba3 48. Ke3 Kd6 49. Kd4 Ne7 50. Ne5 Bc5+ 51. Kc4 Bxf2 52. Nf7+ Kc6
53. Nxh6 Be3 54. Kd3 Nd5 0-1

[Event "DVM U12 2015"]
[Site "Magdeburg GER"]
[Date "2015.12.30"]
[Round "7"]
[White "Handschuh, Felix"]
[Black "Kroh, Christian"]
[Result "0-1"]
[Termination "normal"]
[Board "6.4"]
[WhiteElo "1148"]
[BlackElo "1438"]
[WhiteTeam "FC Ergolding 1932"]
[BlackTeam "TSG Apolda"]
[PlyCount "120"]
[WhiteFideId "12997447"]
[BlackFideId "12995606"]
[EventCountry "GER"]
[EventRounds "7"]
[EventType "team-swiss"]
[EventDate "2015.12.26"]

1. e4 e5 2. Bc4 Nf6 3. d3 Nc6 4. Ne2 Na5 5. O-O Be7 6. Nbc3 O-O 7. Nd5 Nxc4 8.
Nxf6+ Bxf6 9. dxc4 d6 10. f4 exf4 11. Nxf4 Be5 12. Qe1 b6 13. Nd3 Bd4+ 14. Nf2
Ba6 15. Kh1 Bxc4 16. Nd3 Re8 17. Rf3 Bd5 18. Nf2 Qe7 19. Rf4 Qe6 20. Bd2 Bb7
21. c3 Bxf2 22. Rxf2 Qxe4 23. Qf1 Rf8 24. Re1 Qd5 25. c4 Qh5 26. Re7 Rac8 27.
Rf5 Qg6 28. h4 f6 29. h5 Qg3 30. h6 gxh6 31. Bxh6 Qh4+ 32. Kg1 Qxh6 33. Qf2 Qg6
34. Re2 Rf7 35. Rf4 Rcf8 36. Qd4 Rg7 37. Rff2 Qf7 38. Qd3 Ba6 39. b3 d5 40. Rc2
dxc4 41. bxc4 Qd7 42. Qb3 Kh8 43. Rcd2 Qc8 44. Rf3 Rfg8 45. Rff2 Qe6 46. Qc2
Qxc4 47. Qf5 Qc6 48. Qb1 Bb7 49. Qf1 Rg6 50. a3 Rxg2+ 51. Rxg2 Rxg2+ 52. Rxg2
Qxg2+ 53. Qxg2 Bxg2 54. Kxg2 Kg7 55. Kf3 Kg6 56. Kg4 c5 57. Kf3 h5 58. Ke3 h4
59. Kf3 c4 60. Ke3 h3 0-1

[Event "DVM U12 2015"]
[Site "Magdeburg GER"]
[Date "2015.12.30"]
[Round "7"]
[White "Stirnberg, Noah"]
[Black "Brunner, Sophia"]
[Result "0-1"]
[Termination "normal"]
[Board "7.1"]
[WhiteElo "1688"]
[BlackElo "1585"]
[WhiteTeam "SK Blauer Springer Paderborn 1926"]
[BlackTeam "Hagener SV"]
[PlyCount "90"]
[WhiteFideId "16207742"]
[BlackFideId "12960683"]
[EventCountry "GER"]
[EventRounds "7"]
[EventType "team-swiss"]
[EventDate "2015.12.26"]

1. e4 Nf6 2. Nc3 d5 3. e5 d4 4. exf6 dxc3 5. fxg7 cxd2+ 6. Qxd2 Qxd2+ 7. Bxd2
Bxg7 8. O-O-O Nc6 9. Nf3 Bd7 10. Bb5 O-O-O 11. Rhe1 e6 12. Bg5 Rde8 13. Rd2 f6
14. Be3 a6 15. Ba4 b5 16. Red1 Rd8 17. Bb3 e5 18. Bd5 h6 19. c3 Na5 20. b3 Nc6
21. Nh4 Bf8 22. Bxc6 Ba3+ 23. Kc2 Bxc6 24. Rxd8+ Rxd8 25. Rxd8+ Kxd8 26. f3 Bf8
27. Nf5 h5 28. Kd3 Kd7 29. Ng3 h4 30. Nf5 h3 31. gxh3 Bxf3 32. Ng3 Ke6 33. Ne4
Bxe4+ 34. Kxe4 f5+ 35. Kf3 e4+ 36. Ke2 Bd6 37. h4 f4 38. Bd2 Kf5 39. h3 f3+ 40.
Kf1 Bf4 41. Be1 e3 42. Kg1 Ke4 43. h5 Kd3 44. Kf1 e2+ 45. Kf2 Bd2 0-1

[Event "DVM U12 2015"]
[Site "Magdeburg GER"]
[Date "2015.12.30"]
[Round "7"]
[White "Janke, Julian"]
[Black "Lindemann, Jarno"]
[Result "1/2-1/2"]
[Termination "normal"]
[Board "7.3"]
[WhiteElo "1127"]
[BlackElo "1364"]
[WhiteTeam "SK Blauer Springer Paderborn 1926"]
[BlackTeam "Hagener SV"]
[PlyCount "99"]
[WhiteFideId "16229185"]
[BlackFideId "12977934"]
[EventCountry "GER"]
[EventRounds "7"]
[EventType "team-swiss"]
[EventDate "2015.12.26"]

1. d4 d5 2. Nf3 Bf5 3. e3 e6 4. c3 Nf6 5. Bd3 Bxd3 6. Qxd3 c6 7. Nbd2 Nbd7 8.
e4 dxe4 9. Nxe4 Nxe4 10. Qxe4 Nf6 11. Qd3 Bd6 12. O-O O-O 13. Bg5 Be7 14. Rfe1
Nd5 15. Bd2 Re8 16. Ne5 Bg5 17. Re4 Bxd2 18. Qxd2 Nf6 19. Re3 Re7 20. Qc2 c5
21. dxc5 Qd5 22. b4 b6 23. cxb6 axb6 24. c4 Qd6 25. Rd1 Qc7 26. b5 Qc5 27. Nc6
Rd7 28. Red3 Rxd3 29. Rxd3 h6 30. h3 Rc8 31. Na7 Ra8 32. Nc6 Rc8 33. a3 Ra8 34.
Kh2 Ne4 35. Rd1 Nd6 36. Qd3 Nxc4 37. Qe4 Kh8 38. Na7 Qe5+ 39. Qxe5 Nxe5 40. Nc6
Nc4 41. Nd8 Kg8 42. Rd7 Nxa3 43. Nxf7 Nxb5 44. Ne5 Ra7 45. Rd8+ Kh7 46. Rb8 Ra6
47. Nc4 Nd4 48. Rxb6 Rxb6 49. Nxb6 Kg6 50. Nc4 1/2-1/2

[Event "DVM U12 2015"]
[Site "Magdeburg GER"]
[Date "2015.12.30"]
[Round "7"]
[White "Schmidt, Paul"]
[Black "Matthiessen, Linus"]
[Result "1-0"]
[Termination "normal"]
[Board "7.4"]
[WhiteElo "1504"]
[BlackElo "1237"]
[WhiteTeam "Hagener SV"]
[BlackTeam "SK Blauer Springer Paderborn 1926"]
[PlyCount "81"]
[WhiteFideId "16214137"]
[BlackFideId "16222555"]
[EventCountry "GER"]
[EventRounds "7"]
[EventType "team-swiss"]
[EventDate "2015.12.26"]

1. d4 d5 2. Nc3 Bf5 3. Bf4 c6 4. Qd2 Nf6 5. e3 e6 6. Bd3 Bg6 7. Nge2 Bd6 8. Bg5
Be7 9. Nf4 Ne4 10. Bxe7 Qxe7 11. Nxe4 Bxe4 12. f3 Bxd3 13. Nxd3 Nd7 14. Qc3 Qg5
15. Qd2 e5 16. O-O-O exd4 17. exd4 Qxd2+ 18. Rxd2 O-O 19. Re1 h6 20. Rde2 Nf6
21. Re7 b6 22. Rc7 Rfc8 23. Ree7 Kf8 24. Rxf7+ Kg8 25. Rxg7+ Kf8 26. Rcf7+ Ke8
27. Rxf6 h5 28. Rh6 Kf8 29. Rg5 Rc7 30. Rh8+ Kf7 31. Rxa8 Kf6 32. Rxh5 Kg6 33.
g4 Rf7 34. Ne5+ Kf6 35. Rf5+ Ke6 36. Rxf7 Kd6 37. Rd7+ Ke6 38. Re8+ Kf6 39.
Rf7+ Kg5 40. f4+ Kh4 41. Rh8# 1-0

[Event "DVM U12 2015"]
[Site "Magdeburg GER"]
[Date "2015.12.30"]
[Round "7"]
[White "Leonard, Timo"]
[Black "Bosselmann, Tom Linus"]
[Result "1/2-1/2"]
[Termination "normal"]
[Board "8.1"]
[WhiteElo "1880"]
[BlackElo "1789"]
[WhiteTeam "TuS Ende 1892"]
[BlackTeam "Lübecker SV von 1873"]
[PlyCount "50"]
[WhiteFideId "16208757"]
[BlackFideId "12983845"]
[EventCountry "GER"]
[EventRounds "7"]
[EventType "team-swiss"]
[EventDate "2015.12.26"]

1. e4 e5 2. Nf3 Nf6 3. Nc3 Nc6 4. d4 exd4 5. Nxd4 Bb4 6. Nxc6 bxc6 7. Bd3 d6 8.
O-O O-O 9. Bg5 h6 10. Bh4 Re8 11. Qf3 Bb7 12. Bxf6 Qxf6 13. Qxf6 gxf6 14. Rad1
d5 15. exd5 cxd5 16. a3 Ba5 17. b4 Bb6 18. Na4 c6 19. Nxb6 axb6 20. Ra1 Ra4 21.
Ra2 Rea8 22. Rfa1 Bc8 23. c3 Be6 24. Bc2 R4a7 25. a4 Rd7 1/2-1/2

[Event "DVM U12 2015"]
[Site "Magdeburg GER"]
[Date "2015.12.30"]
[Round "7"]
[White "Dehn, Lukas"]
[Black "Silini, Jalel"]
[Result "1-0"]
[Termination "normal"]
[Board "8.3"]
[WhiteElo "1104"]
[BlackElo "1187"]
[WhiteTeam "TuS Ende 1892"]
[BlackTeam "Lübecker SV von 1873"]
[PlyCount "123"]
[BlackFideId "16215397"]
[EventCountry "GER"]
[EventRounds "7"]
[EventType "team-swiss"]
[EventDate "2015.12.26"]

1. e4 e5 2. Nf3 Nc6 3. Bb5 Bc5 4. d3 d6 5. h3 h6 6. Nbd2 Bd7 7. c3 Qf6 8. Qe2
Qg6 9. Rg1 O-O-O 10. b4 Bb6 11. Bb2 Re8 12. O-O-O Qe6 13. Kb1 Nf6 14. Bc4 Qe7
15. Rgf1 Be6 16. g4 g5 17. a4 a6 18. b5 axb5 19. Bxb5 Rd8 20. Kc2 d5 21. exd5
Nxd5 22. Bxc6 Nf4 23. Bxb7+ Kxb7 24. Qe4+ Bd5 25. Qxe5 Qxe5 26. Nxe5 Rhe8 27.
c4 Bg2 28. Rfe1 f6 29. Nf7 Rxe1 30. Nxd8+ Kc8 31. Rxe1 Kxd8 32. Bxf6+ Kd7 33.
Bg7 Bxf2 34. Ra1 Bxh3 35. Bxh6 Bh4 36. Nf3 Bxg4 37. Nxh4 gxh4 38. Bxf4 h3 39.
Bh2 Ke6 40. Rf1 Kd7 41. a5 Kc8 42. a6 Kb8 43. Rf8+ Ka7 44. Bxc7 Kxa6 45. Bh2
Kb6 46. Rd8 Kc6 47. Kc3 Bf3 48. d4 Bg2 49. d5+ Kc5 50. Rc8+ Kb6 51. d6 Bc6 52.
Kd4 Bd7 53. c5+ Kb7 54. Rc7+ Kb8 55. Rxd7 Kc8 56. Rh7 Kd8 57. Rxh3 Kd7 58. Kd5
Kc8 59. Kc6 Kb8 60. Rh7 Ka8 61. Kb6 Kb8 62. Rh8# 1-0

[Event "DVM U12 2015"]
[Site "Magdeburg GER"]
[Date "2015.12.30"]
[Round "7"]
[White "Maas, Kolja"]
[Black "Rapoport, Valerie"]
[Result "1-0"]
[Termination "normal"]
[Board "8.4"]
[WhiteElo "1139"]
[BlackElo "1093"]
[WhiteTeam "Lübecker SV von 1873"]
[BlackTeam "TuS Ende 1892"]
[PlyCount "83"]
[WhiteFideId "16220420"]
[BlackFideId "12952427"]
[EventCountry "GER"]
[EventRounds "7"]
[EventType "team-swiss"]
[EventDate "2015.12.26"]

1. e4 e5 2. Nf3 Nc6 3. Bb5 d6 4. d4 Bd7 5. Nc3 Nf6 6. O-O Be7 7. Re1 O-O 8.
Bxc6 Bxc6 9. dxe5 dxe5 10. Nxe5 Bd7 11. Nxd7 Qxd7 12. Qxd7 Nxd7 13. Bf4 c6 14.
Rad1 Nf6 15. g3 Rfe8 16. a3 b5 17. e5 Nh5 18. Bc1 c5 19. g4 b4 20. Nd5 bxa3 21.
bxa3 Nf6 22. Nxe7+ Rxe7 23. exf6 Rxe1+ 24. Rxe1 gxf6 25. Bh6 c4 26. Re4 c3 27.
Rc4 Re8 28. Kg2 f5 29. gxf5 f6 30. Rxc3 Re5 31. Rc7 Rxf5 32. Rxa7 Rh5 33. Be3
Rh4 34. a4 Kf8 35. a5 Ke8 36. a6 Kd8 37. Rg7 Kc8 38. Rg8+ Kc7 39. a7 Kc6 40.
a8=Q+ Kb5 41. Qb7+ Kc4 42. Rc8# 1-0

[Event "DVM U12 2015"]
[Site "Magdeburg GER"]
[Date "2015.12.30"]
[Round "7"]
[White "Triantafillidis, Simeon"]
[Black "Schubert, Christoph"]
[Result "1/2-1/2"]
[Termination "normal"]
[Board "9.1"]
[WhiteElo "1595"]
[BlackElo "1447"]
[WhiteTeam "SF HN-Biberach 1978"]
[BlackTeam "USV TU Dresden"]
[PlyCount "52"]
[WhiteFideId "12953113"]
[EventCountry "GER"]
[EventRounds "7"]
[EventType "team-swiss"]
[EventDate "2015.12.26"]

1. e4 c5 2. c3 d5 3. exd5 Qxd5 4. d4 Nc6 5. Nf3 Bg4 6. Be2 Nf6 7. O-O e6 8. Bf4
Be7 9. Na3 O-O 10. Nc2 Qd7 11. Be5 Bxf3 12. Bxf3 Nxe5 13. dxe5 Nd5 14. Re1 Rad8
15. Qd3 Nb6 16. Qe4 Qc6 17. Qg4 Qc7 18. Qf4 Rd7 19. Rad1 f6 20. Bg4 Rxd1 21.
Rxd1 fxe5 22. Bxe6+ Kh8 23. Qg3 Rf6 24. Qh3 Rh6 25. Qf5 Rf6 26. Qh3 Rh6 1/2-1/2